Online Catalogue and eLibrary

Vishwaye youn Niyamuwoo (Record no. 758)

MARC details
000 -LEADER
fixed length control field 00385nam a2200157Ia 4500
005 - DATE AND TIME OF LATEST TRANSACTION
control field 20250514024230.0
008 - FIXED-LENGTH DATA ELEMENTS--GENERAL INFORMATION
fixed length control field 240331s9999 xx 000 0 und d
020 ## - INTERNATIONAL STANDARD BOOK NUMBER
ISBN 9559662813
082 ## - DDC Classification
Class No. 158
Item Number - Author Mark SUM
100 ## - MAIN ENTRY--PERSONAL NAME
Personal name Sumanasekara , M
245 #0 - TITLE STATEMENT
Title Vishwaye youn Niyamuwoo
260 ## - PUBLICATION, DISTRIBUTION, ETC.
Place of publication, distribution, etc. Kelaniya
Name of publisher, distributor, etc. Deepani Publication
Date of publication, distribution, etc. 2000
300 ## - PHYSICAL DESCRIPTION
Extent (e.g. Volumes, Pages etc.) 160 p .,
500 ## - GENERAL NOTE
General note Ancient History
942 ## - Koha item type (Biblio)
Koha item type Books in Stacks (Lending)
Holdings
Lost status Damaged status Collection code Home library Current library Shelving location Date acquired Full call number Accession Number Item type
    Lending WERC Library WERC Library Social Science Cupboard 03/31/2024 158 SUM 4553 Books in Stacks (Lending)

© WERC Library